[Event "Scarborough CC Spring op"]
[Site "Toronto"]
[Date "2009.05.21"]
[Round "4"]
[White "Kim, William"]
[Black "Longo, Tyler"]
[Result "0-1"]
[WhiteElo "1792"]
[BlackElo "1996"]
[PlyCount "68"]
[EventDate "2009.04.30"]
[EventType "swiss"]
[EventRounds "9"]
[EventCountry "CAN"]
[SourceTitle "EXT 2011"]
[Source "ChessBase"]
[SourceDate "2010.11.26"]
[SourceVersion "1"]
[SourceVersionDate "2010.11.26"]
[SourceQuality "1"]

1. d4 Nf6 2. Nf3 e6 3. e3 b6 4. Bd3 Bb7 5. 0-0 c5 6. c3 Be7 7. Re1 d5 8. Qa4+ Bc6 9. Qc2 Nbd7 10. Nbd2 Qc7 11. e4 dxe4 12. Nxe4 Qb7 13. Ne5 Nxe5 14. dxe5 Nd7 15. f4 h5 16. a4 a6 17. Qe2 0-0 18. Ng3 b5 19. f5 c4 20. Bc2 Bc5+ 21. Be3 Bxe3+ 22. Qxe3 Bxg2 23. Ne4 exf5 24. Kxg2 Rad8 25. axb5 axb5 26. Kg1 fxe4 27. Bxe4 Qb6 28. Qxb6 Nxb6 29. Bc6 Rd2 30. Ra2 Na4 31. e6 fxe6 32. Rxe6 Nxc3 33. Ra7 Ne2+ 34. Kh1 Ng3+ 0-1